Trendy vývoja obnoviteľných zdrojov a energetický mix v SR bakalárska práca

Gespeichert in:
Bibliographische Detailangaben
1. Verfasser: Mižičková Kirschner, Bibiana
Körperschaft: Fakulta podnikového manažmentu EU. Katedra podnikových financií
Weitere Verfasser: Bikár, Miloš, 1973-
Format: Buch
Sprache:Slowakisch
Veröffentlicht: Bratislava 2015
Tags: Tag hinzufügen
Keine Tags, Fügen Sie das erste Tag hinzu!

MARC

LEADER 00000nbm a2200000 4500
001 0221498
005 20170518132805.2
041 0 |a slo 
044 |a SK 
245 1 0 |a Trendy vývoja obnoviteľných zdrojov a energetický mix v SR  |b bakalárska práca  |c Bibiana Mižičková Kirschner ; školiteľ: Miloš Bikár 
264 1 |a Bratislava  |c 2015 
300 |a 49 s. 
100 1 |a Mižičková Kirschner, Bibiana 
700 1 |a Bikár, Miloš, 1973- 
710 2 |a Fakulta podnikového manažmentu EU. Katedra podnikových financií